| 000 | 00531nam a22001697a 4500 | ||
|---|---|---|---|
| 005 | 20231115092217.0 | ||
| 008 | 231115b |||||||| |||| 00| 0 eng d | ||
| 041 | _aEnglish | ||
| 082 | _a344.4 MAN | ||
| 100 |
_aMann, A _lEnglish |
||
| 245 |
_aThe Medical Assessment of Injuries for Legal Purposes / _cA Mann |
||
| 250 | _aSecond Edition | ||
| 260 |
_aDurban : _bButterworth and Company (Pty) Ltd, _c1971 |
||
| 300 |
_b314 pages ; _c26 cm. |
||
| 650 |
_aLegal practice _bLaw |
||
| 942 |
_cBK _6ALISON_BN_VRIES |
||
| 999 |
_c661 _d661 |
||